000 01384nam0a2200373 4500
001 RU\NLR\bibl\528209
005 20250609150555.0
010 _a5-7871-0215-0
_910000
021 _aRU
_b2004-27167
_91369
035 _a(NLR Aleph) 000520557
090 _a1290476
_c1290476
100 _a20040608d2004 |||y0rusy50 ca
101 0 _arus
_aeng
102 _aRU
105 _aa |||||||||
200 1 _aКак научиться говорить по-английски
_e[Учеб. пособие]
_fЛ. А. Алмазова
205 _a4-е изд., испр.
210 _aМ.
_cЛист Нью
_d2004
215 _a266, [1] с.
_cил.
_d20
300 _aОбл. на англ. яз.: A Bridge to spoken English/ L.A. Almazova
512 1 _6z77790
_aA Bridge to spoken English
606 0 _aАнглийский язык
_jУчебники для высших учебных заведений
_xРазговорная речь
_9972088
_3RU\NLR\auth\6645917
686 _aШ143.21-93рус3-6
686 _aШ143.21-93рус5
686 _aШ143.21-942
700 1 _aАлмазова
_bЛ. А.
_gЛидия Антоновна
_4070
790 1 _6z77512
_aAlmazova
_bL. A.
_gLidija Antonovna
_4070
801 0 _aRU
_bNLR
_c20040608
_gPSBO
801 1 _aRU
_bNLR
_c20040608
830 _aАвт. по кн.
942 _cBOOK
980 _aNB